000 00302nam a2200121Ia 4500
008 230524s9999 xx 000 0 und d
100 _a"Ralph Moseley, M.T.Savaliya"
245 0 _aDeveloping Web Applications
260 _bJ.Wiley
500 _aQuantity Number: 15
650 _aComp-Sc
942 _cBK
999 _c50097
_d50097